| 000 | 00902cam a2200301Ia 4500 | ||
|---|---|---|---|
| 001 | 4721695 | ||
| 003 | ARRUPE | ||
| 005 | 20150818133022.0 | ||
| 008 | 981105s1955 xxk 000 0 eng d | ||
| 010 | _aa 56002312 | ||
| 035 | _a(OCoLC)ocm40247138 | ||
| 035 | _a(NNC)4721695 | ||
| 040 |
_aDQ$ _cDQ$ _dHEI _dUKM _dUBA _dEL$ _dOCL _dOCLCQ |
||
| 043 | _aa-cc--- | ||
| 098 | _aCd6 | ||
| 100 | 1 |
_aLiu, Wuji, _d1907-2002. _918618 |
|
| 245 | 1 | 2 |
_aA short history of Confucian philosophy / _cLiu Wu-Chi. |
| 260 |
_aHarmondsworth : _bPenguin Books, _c1955. |
||
| 300 |
_a229 p. ; _c18 cm. |
||
| 490 | 1 |
_aPelican books ; _vA333 |
|
| 504 | _aBibliografía : p. 209-219. | ||
| 650 | 0 |
_aPhilosophy, Confucian. _918619 |
|
| 650 | 7 |
_aFilosofia Oriental _2larpcal _918620 |
|
| 650 | 4 |
_aConfucio y confucianismo. _918621 |
|
| 830 | 0 |
_aPelican books ; _vA333. _918622 |
|
| 942 |
_2lcc _cMONOGRAPH |
||
| 999 |
_c123063 _d123063 |
||